000 01462nam a22003617a 4500
001 0028207
003 KOHA_MİRAKIL
005 20260207002622.0
007 ta
008 110309b2000 tu |||gr||||#||||0|tur |
020 _c0,01
040 _aTR-BiSEU
_btur
_cTR-BiSEU
_erda
041 0 _atur
044 _ctu
050 _aQA184
_b.A48 2000
100 1 _aAltan, M.Emin.
245 1 _aLineer cebir :
_bÇözülmüş alıştırmalarla /
_cM.Emin Altan ; M. Emin Altan.
264 1 _aİstanbul :
_b İstanbul Mimar Sinan Üniversitesi
_c 2000
_c2000
300 _aviii, 325 s.
336 _ametin
_btxt
_2rdacontent
337 _aaracısız
_bn
_2rdamedia
338 _acilt
_bnc
_2rdacarrier
490 1 _aMimar Sinan Üniversitesi Yayın No ;
_v 26.
490 1 _aFen Edebiyat Fakültesi Yayın No ;
_v9.
500 _aKaynakça ve dizin var.
500 _aMatematikçiler iktisatçılar ve mühendisler için
505 _aMatematik lojik ; Kümeler ; Bağıntı ve görüntüleme ; Cebirsel yapılar ; Vektörler ; Vektör uzayları ; Matrisler ; Determinantlar ; Lineer denklem sistemleri ; Öz değerler köşegenleştirme ; Kuadratik biçimler ; Koordinat eksenleriniin değişimi ; Lineer görüntülemeler
650 0 _aAlgebras,linear.
_955872
650 0 _aCebir,doğrusal.
_955873
830 1 _aMimar Sinan Üniversitesi Yayın No ;
_v 26.
_955874
830 1 _aFen Edebiyat Fakültesi Yayın No ;
_v9.
_953744
942 _2lcc
_cBK
999 _c28131
_d28131